000 00267nam a22001097a 4500
999 _c2901
_d2901
008 190405e1982 ag ||||| |||| 00| 0 spa d
100 _aCarpenter, Malcom
245 _aNeuroanatomia humana
250 _a1a ed.
260 _aBuenos Aires
_bEl Ateneo
_c1982
500 _3Baja